[Event "NRW U18 op"]
[Site "Olpe"]
[Date "2005.10.04"]
[Round "7.21"]
[White "Weigelt, Dominik"]
[Black "Begri, Robert"]
[Result "0-1"]
[WhiteElo "1417"]
[BlackElo "1695"]
[PlyCount "80"]
[EventDate "2005.10.01"]
[EventType "swiss"]
[EventRounds "7"]
[EventCountry "GER"]
[SourceTitle "CBM 108 Extra"]
[Source "ChessBase"]
[SourceDate "2005.11.04"]
[SourceVersion "1"]
[SourceVersionDate "2005.11.04"]
[SourceQuality "1"]

1. e4 e6 2. Nc3 c5 3. Bc4 Nc6 4. d3 Nf6 5. h3 Be7 6. Nf3 d6 7. Bg5 a6 8. Qe2 0-0 9. e5 dxe5 10. Nxe5 Nd4 11. Qd1 Qc7 12. Bxf6 Bxf6 13. Nf3 b5 14. Bb3 Bb7 15. Nxd4 Bxd4 16. 0-0 Rad8 17. Qe1 Qc6 18. Qe4 Qb6 19. Qe2 Rfe8 20. Rae1 Rd7 21. a4 Rde7 22. axb5 axb5 23. Qd2 Rd8 24. Ra1 b4 25. Na4 Qc6 26. Qg5 Bf6 27. Qg3 Be5 28. Qf3 Qxf3 29. gxf3 Bxf3 30. Nxc5 Bxb2 31. Ra2 Bc3 32. Na4 Bd2 33. Nc5 g6 34. Kh2 Bf4+ 35. Kg1 Rd4 36. Re1 Bd2 37. Re5 Rh4 38. Ne4 Rxh3 39. Ng3 h5 40. Bxe6 Rxe6 0-1

[Event "Dortmund op-B"]
[Site "Dortmund"]
[Date "2005.07.14"]
[Round "6"]
[White "Schoettler, Richard"]
[Black "Weigelt, Dominik"]
[Result "1/2-1/2"]
[WhiteElo "1653"]
[BlackElo "1382"]
[PlyCount "29"]
[EventDate "2005.07.08"]
[EventType "swiss"]
[EventRounds "9"]
[EventCountry "GER"]
[SourceTitle "CBM 107 Extra"]
[Source "ChessBase"]
[SourceDate "2005.09.01"]
[SourceVersion "1"]
[SourceVersionDate "2005.09.01"]
[SourceQuality "1"]

1. e4 e5 2. Nf3 Nf6 3. Nxe5 Qe7 4. d4 d6 5. Nf3 Qxe4+ 6. Qe2 Bf5 7. c3 Be7 8. Bg5 Nbd7 9. Nbd2 Qc2 10. Nc4 Qe4 11. Nh4 0-0-0 12. Ne3 Bg6 13. f3 Qe6 14. Nxg6 hxg6 15. g4 1/2-1/2

[Event "Dortmund op-B"]
[Site "Dortmund"]
[Date "2005.07.08"]
[Round "1"]
[White "Weigelt, Dominik"]
[Black "Gehring, Sven"]
[Result "0-1"]
[WhiteElo "1382"]
[BlackElo "1709"]
[PlyCount "92"]
[EventDate "2005.07.08"]
[EventType "swiss"]
[EventRounds "9"]
[EventCountry "GER"]
[SourceTitle "CBM 107 Extra"]
[Source "ChessBase"]
[SourceDate "2005.09.01"]
[SourceVersion "1"]
[SourceVersionDate "2005.09.01"]
[SourceQuality "1"]

1. e4 c5 2. Nf3 Nc6 3. d4 cxd4 4. Nxd4 g6 5. Nc3 Bg7 6. Be3 Nf6 7. Be2 d6 8. Qd2 0-0 9. 0-0-0 Nxd4 10. Bxd4 Qa5 11. a3 a6 12. f3 b5 13. Nd5 Qxd2+ 14. Rxd2 Nxd5 15. exd5 Bb7 16. Be3 Rfc8 17. g4 Rab8 18. h4 Ba8 19. h5 b4 20. Bxa6 bxa3 21. bxa3 Bb2+ 22. Kd1 Bb7 23. Ba7 Bxa6 24. Bxb8 Rxb8 25. hxg6 Bc3 26. gxf7+ Kf8 27. Kc1 Bxd2+ 28. Kxd2 Kg7 29. f4 Bc4 30. Rh5 Rf8 31. Rg5+ Kxf7 32. Rf5+ Kg7 33. Rxf8 Kxf8 34. Ke3 Bxd5 35. a4 Kg7 36. Kd4 Bf3 37. f5 Kf6 38. a5 Kg5 39. Ke3 Bb7 40. c4 Ba6 41. Kd4 Kxg4 42. f6 exf6 43. c5 dxc5+ 44. Kxc5 f5 45. Kb4 Bf1 46. a6 Bxa6 0-1